000 00578nam a2200193Ia 4500
005 20250326143836.0
008 250326s9999 xx 000 0 und d
020 _a1-59139-927-0
037 _aTextbook
040 _aFMSL
_beng
_cFMSL
041 _aeng
_2eng
084 _aX:74 P6
_qFMSL
100 _aFallon P
_9745165
245 0 _aJuicing the Orange : how to turn creativity into a powerful business advantage
_cFallon P; Senn F
260 _aUSA
_bUSA, Harvard Business School
_c2006
300 _a225p
942 _cTB
_hX:74 P6
999 _c1301289
_d1301289